LEADER 01593nam0-2200337 --450 001 9910312112903321 005 20190329122710.0 010 $a88-87027-92-7 100 $a20190327d2000----kmuy0itay5050 ba 101 0 $aeng$aita 102 $aIT 105 $aa 001yy 200 1 $a<>Consolazione della filosofia nel Medioevo e nel Rinascimento italiano$elibri di scuola e glosse nei manoscritti fiorentini$dBoethius?s "Consolation of philosophy" in Italian medieval and Renaissance education$eschoolbooks and their glosses in Florentine manuscripts$fRobert Black, Gabriella Pomaro 210 $aTavarnuzze, Impruneta$cSISMEL Edizioni del Galluzzo$d2000 215 $aXXII, 362 p., [26] c. di tav.$cill.$d30 cm 225 1 $aBiblioteche e archivi$v7 510 1 $aBoethius?s Consolation of philosophy in Italian medieval and Renaissance education$eschoolbooks and their glosses in Florentine manuscripts 610 0 $aFirenze$aBiblioteche$aCataloghi collettivi 610 0 $aBoezio, Severino. De consolatione philosophiae$aManoscritti$aCataloghi 610 0 $aBoezio, Severino. De consolatione philosophiae$aTradizione manoscritta$aFirenze$aSec. 14.-16. 676 $a016.189$v21$zita 676 $a878.02$v21$zita 700 1$aBlack,$bRobert$0384640 701 1$aPomaro,$bGabriella$0232079 801 0$aIT$bUNINA$gREICAT$2UNIMARC 901 $aBK 912 $a9910312112903321 952 $aP2B 670 BOETHIUS 419A 2000$bbibl. 2019$fFLFBC 959 $aFLFBC 996 $aConsolazione della filosofia nel Medioevo e nel Rinascimento italiano$91445653 997 $aUNINA LEADER 01110cam0 2200301 450 001 E600200020320 005 20210430072306.0 010 $a8843000101 100 $a20060907d1993 |||||ita|0103 ba 101 $aita 102 $aIT 200 1 $aStar bene insieme a scuola$estrategie per un'educazione socio-affettiva dalla materna alla media inferiore$fDonata Francescato, Anna Putton, Simona Cudini 210 $aRoma$cLa nuova Italia scientifica$d1993 215 $a146 p.$d18 cm 225 2 $atascabili Nis$v7 410 1$1001LAEC00022021$12001 $aI *tascabili Nis$v7 700 1$aFrancescato$b, Donata$3AF00012743$4070$0122651 702 1$aPutton, Anna$3A600200035315$4070 702 1$aCudini, Simona$3A600200035314$4070 801 0$aIT$bUNISOB$c20210430$gRICA 850 $aUNISOB 852 $aUNISOB$j370$m80757 912 $aE600200020320 940 $aM 102 Monografia moderna SBN 941 $aM 957 $a370$b001239$gSi$d80757$racquisto$1pregresso2$2UNISOB$3UNISOB$420060907081842.0$520151116132133.0$6catenacci 996 $aStar bene insieme a scuola$91612244 997 $aUNISOB